[Event "Krakow op-B 28th"]
[Site "Krakow"]
[Date "2017.12.30"]
[Round "5"]
[White "Ziaja, Krystian"]
[Black "Romaniv, Mykola"]
[Result "1-0"]
[WhiteElo "1925"]
[BlackElo "1845"]
[PlyCount "91"]
[EventDate "2017.12.27"]
[EventType "swiss"]
[EventRounds "9"]
[EventCountry "POL"]
[SourceTitle "CBM 182 Extra"]
[Source "ChessBase"]
[SourceDate "2018.02.23"]
[SourceVersion "1"]
[SourceVersionDate "2018.02.23"]
[SourceQuality "1"]

1. e4 c5 2. Nf3 d6 3. Bb5+ Bd7 4. Bxd7+ Qxd7 5. 0-0 g6 6. c3 Bg7 7. Qe2 Nc6 8. Rd1 Qc7 9. Na3 a6 10. d4 cxd4 11. cxd4 b5 12. Bf4 e5 13. Bg3 Nge7 14. Rac1 Qa7 15. dxe5 dxe5 16. h4 h5 17. Nc2 0-0 18. Ne3 Nd4 19. Nxd4 exd4 20. Nd5 Nxd5 21. exd5 Rac8 22. b4 Rfe8 23. Qf3 Rc4 24. Bd6 Qd7 25. Bc5 Rc3 26. Rxc3 dxc3 27. Qd3 f5 28. d6 Re4 29. g3 Kf8 30. Qd5 Bf6 31. Qa8+ Kf7 32. Qd5+ Kg7 33. Kg2 c2 34. Rc1 Rc4 35. Qd3 Qc6+ 36. f3 Rc3 37. Qe2 a5 38. a3 axb4 39. axb4 Qd5 40. Rxc2 Rd3 41. Ra2 Kh6 42. Be3+ g5 43. Rd2 Rxd2 44. Qxd2 Qxd2+ 45. Bxd2 Kg6 46. Bxg5 1-0

[Event "Krakow op-B 27th"]
[Site "Krakow"]
[Date "2016.12.29"]
[Round "4"]
[White "Murawko, Katarzyna"]
[Black "Ziaja, Krystian"]
[Result "1/2-1/2"]
[WhiteElo "2021"]
[BlackElo "1931"]
[PlyCount "98"]
[EventDate "2016.12.27"]
[EventType "swiss"]
[EventRounds "9"]
[EventCountry "POL"]
[SourceTitle "CBM 176 Extra"]
[Source "ChessBase"]
[SourceDate "2017.03.02"]
[SourceVersion "1"]
[SourceVersionDate "2017.03.02"]
[SourceQuality "1"]

1. e4 e6 2. d4 d5 3. e5 c5 4. c3 Nc6 5. Ne2 cxd4 6. cxd4 Nge7 7. Nbc3 Nf5 8. g4 Nh4 9. f4 f6 10. Be3 fxe5 11. fxe5 Be7 12. Ng1 a6 13. Qd2 b5 14. 0-0-0 b4 15. Na4 Bd7 16. b3 Na7 17. Nc5 a5 18. Kb1 Bxc5 19. dxc5 Qc7 20. Bd3 Bb5 21. Bf2 Bxd3+ 22. Qxd3 Ng6 23. Nf3 0-0 24. Bd4 Nf4 25. Qd2 Nb5 26. Rhf1 Qf7 27. Kb2 Qg6 28. g5 a4 29. Qc2 a3+ 30. Kb1 Qxc2+ 31. Kxc2 Ne2 32. Kd3 Nec3 33. Bxc3 Nxc3 34. Ra1 Ne4 35. c6 Rac8 36. Nd4 Nxg5 37. h4 Nf7 38. Rfe1 Nd8 39. Rac1 Rf7 40. Rc2 Rfc7 41. Rec1 g6 42. Ke3 Kg7 43. Rc5 Kh6 44. Kf4 Kh5 45. Rb5 h6 46. Ke3 Nf7 47. Nxe6 Rxc6 48. Ng7+ Kxh4 49. Rxb4+ Kh3 1/2-1/2

[Event "Rewal op-B 17th"]
[Site "Rewal"]
[Date "2012.08.??"]
[Round "5"]
[White "Sroka, Janusz"]
[Black "Ziaja, Krystian"]
[Result "0-1"]
[WhiteElo "2109"]
[BlackElo "1822"]
[PlyCount "96"]
[EventDate "2012.08.20"]
[EventType "swiss"]
[EventRounds "9"]
[EventCountry "POL"]
[SourceTitle "EXT 2014"]
[Source "ChessBase"]
[SourceDate "2013.11.20"]
[SourceVersion "1"]
[SourceVersionDate "2013.11.20"]
[SourceQuality "1"]

1. e4 c6 2. d4 d5 3. e5 Bf5 4. Nf3 e6 5. Be2 Be7 6. 0-0 g5 7. Ne1 Nd7 8. Be3 Qc7 9. Nd2 0-0-0 10. c3 f6 11. exf6 Ngxf6 12. c4 Rdg8 13. c5 h5 14. b4 g4 15. b5 Nb8 16. Qa4 h4 17. Nd3 Bxd3 18. Bxd3 g3 19. fxg3 hxg3 20. h3 Rh4 21. Rab1 Ng4 22. Bf4 e5 23. Bf5+ Kd8 24. b6 axb6 25. Rxb6 exf4 26. Rfb1 Bxc5 27. Rxb7 Qe5 28. Qa5+ Ke8 29. Bxg4 Rgxg4 30. Rxb8+ Kf7 31. R1b7+ Kg6 32. Rg8+ Kh6 33. Rh8+ Qxh8 34. Qxc5 Rg6 35. Nf3 Qe8 36. Re7 Qb8 37. Qc2 Rh5 38. a4 Qf8 39. Rc7 Qe8 40. Qd2 Qe4 41. Rf7 Rf5 42. Rxf5 Qxf5 43. Qd1 Qe4 44. Ne5 Re6 45. Ng4+ Kg6 46. Kf1 c5 47. dxc5 Qc4+ 48. Kg1 Qd4+ 0-1

[Event "Rewal op-B 17th"]
[Site "Rewal"]
[Date "2012.08.??"]
[Round "1"]
[White "Ziaja, Krystian"]
[Black "Birkenmaier, Rainer"]
[Result "1-0"]
[WhiteElo "1822"]
[BlackElo "2099"]
[PlyCount "95"]
[EventDate "2012.08.20"]
[EventType "swiss"]
[EventRounds "9"]
[EventCountry "POL"]
[SourceTitle "EXT 2014"]
[Source "ChessBase"]
[SourceDate "2013.11.20"]
[SourceVersion "1"]
[SourceVersionDate "2013.11.20"]
[SourceQuality "1"]

1. e4 g6 2. d4 Bg7 3. Nf3 d5 4. exd5 Qxd5 5. Nc3 Qd8 6. Bc4 Nf6 7. 0-0 0-0 8. h3 c6 9. Re1 Nd5 10. Ne4 Nd7 11. Bg5 N7f6 12. Qe2 Nxe4 13. Qxe4 Re8 14. Bb3 Bf5 15. Qh4 Qc7 16. c4 Nf6 17. Ne5 Rad8 18. c5 Nd5 19. Nf3 Rd7 20. Rad1 Qd8 21. g4 Be6 22. Bh6 Bf6 23. g5 Bh8 24. Rxe6 fxe6 25. Qg4 Kf7 26. Qe4 Qc7 27. Re1 e5 28. dxe5 e6 29. Nd2 Qxe5 30. Qxe5 Bxe5 31. Rxe5 b5 32. Ne4 Red8 33. Nd6+ Rxd6 34. cxd6 Rxd6 35. Bxd5 exd5 36. Re3 Rd8 37. Rf3+ Kg8 38. Kf1 c5 39. Ke2 d4 40. a4 a6 41. Rf6 c4 42. Rxa6 b4 43. Rb6 d3+ 44. Kd1 c3 45. bxc3 bxc3 46. Rf6 c2+ 47. Kd2 Rc8 48. Rf8+ 1-0

[Event "POL-chT U19 2nd League"]
[Site "Borowice"]
[Date "2012.07.26"]
[Round "8"]
[White "Grochulski, Grzegorz"]
[Black "Ziaja, Krystian"]
[Result "1-0"]
[WhiteElo "2094"]
[BlackElo "1851"]
[PlyCount "85"]
[EventDate "2012.07.21"]
[EventType "team-swiss"]
[EventRounds "11"]
[EventCountry "POL"]
[SourceTitle "EXT 2014"]
[Source "ChessBase"]
[SourceDate "2013.11.20"]
[SourceVersion "1"]
[SourceVersionDate "2013.11.20"]
[SourceQuality "1"]
[WhiteTeam "Warszawa UKS Czternastka U19"]
[BlackTeam "Krosno KKSz Urania U19"]
[WhiteTeamCountry "POL"]
[BlackTeamCountry "POL"]

1. e4 e6 2. d3 d5 3. Nd2 c5 4. Ngf3 Nc6 5. g3 Nf6 6. Bg2 Be7 7. 0-0 0-0 8. e5 Nd7 9. Re1 Qc7 10. Qe2 b5 11. h4 f6 12. exf6 Rxf6 13. c4 bxc4 14. dxc4 Nf8 15. cxd5 exd5 16. Ne5 Be6 17. Ndf3 Nxe5 18. Nxe5 Bd6 19. Bg5 Rf5 20. Nc4 Re8 21. Ne3 Bf7 22. Qd2 Rfe5 23. Nxd5 Rxe1+ 24. Rxe1 Rxe1+ 25. Qxe1 Qd7 26. Qd1 Be5 27. Qf3 Ne6 28. Bc1 Nc7 29. Nxc7 Qxc7 30. Qa3 Bc4 31. Qa4 Qf7 32. b3 Be6 33. Qe4 Bd4 34. Be3 Qd7 35. Qa8+ Kf7 36. Bc6 Qc7 37. Qe8+ Kf6 38. Qf8+ Bf7 39. Bxd4+ cxd4 40. Bd5 d3 41. Qxf7+ Qxf7 42. Bxf7 Kxf7 43. Kf1 1-0

[Event "POL-chT U19 2nd League"]
[Site "Borowice"]
[Date "2012.07.22"]
[Round "2"]
[White "Blaszkiewicz, Mateusz"]
[Black "Ziaja, Krystian"]
[Result "1-0"]
[WhiteElo "1879"]
[BlackElo "1851"]
[PlyCount "57"]
[EventDate "2012.07.21"]
[EventType "team-swiss"]
[EventRounds "11"]
[EventCountry "POL"]
[SourceTitle "EXT 2014"]
[Source "ChessBase"]
[SourceDate "2013.11.20"]
[SourceVersion "1"]
[SourceVersionDate "2013.11.20"]
[SourceQuality "1"]
[WhiteTeam "Kozuchow Odrodzenie U19"]
[BlackTeam "Krosno KKSz Urania U19"]
[WhiteTeamCountry "POL"]
[BlackTeamCountry "POL"]

1. e4 e6 2. d4 d5 3. e5 c5 4. c3 Nc6 5. Nf3 cxd4 6. cxd4 Nge7 7. Nc3 Nf5 8. g4 Nh4 9. Be3 a6 10. Be2 Ng2+ 11. Kf1 Nxe3+ 12. fxe3 f6 13. exf6 Qxf6 14. Kg2 Bd6 15. h3 0-0 16. Rf1 Bd7 17. Na4 Bc7 18. Nc5 Qe7 19. Rc1 Qd6 20. Qe1 e5 21. Nxb7 Qh6 22. Nc5 e4 23. Nxd7 exf3+ 24. Rxf3 Rxf3 25. Bxf3 Qd6 26. Ne5 Ne7 27. Qc3 Rc8 28. Qc5 Qe6 29. Nc6 1-0

[Event "POL-ch U18"]
[Site "Murzasichle"]
[Date "2011.03.11"]
[Round "8"]
[White "Ziaja, Krystian"]
[Black "Parol, Pawel"]
[Result "0-1"]
[WhiteElo "1835"]
[BlackElo "1869"]
[PlyCount "56"]
[EventDate "2011.03.05"]
[EventType "swiss"]
[EventRounds "9"]
[EventCountry "POL"]
[SourceTitle "EXT 2012"]
[Source "ChessBase"]
[SourceDate "2011.11.24"]
[SourceVersion "1"]
[SourceVersionDate "2011.11.24"]
[SourceQuality "1"]

1. e4 e6 2. d4 d5 3. exd5 exd5 4. Bd3 Nc6 5. c3 Bd6 6. Nf3 Bg4 7. Be3 Nge7 8. Nbd2 Qd7 9. b4 0-0 10. h3 Bf5 11. Qc2 Rae8 12. g4 Bxd3 13. Qxd3 Ng6 14. 0-0-0 a5 15. b5 Na7 16. a4 b6 17. h4 c6 18. h5 Nf4 19. Bxf4 Bxf4 20. g5 cxb5 21. Rh4 Bxd2+ 22. Kxd2 b4 23. h6 bxc3+ 24. Kxc3 Qxa4 25. Rb1 Qa2 26. Qd1 Re2 27. Ne5 Rc8+ 28. Kd3 Rcc2 0-1

[Event "POL-ch U18"]
[Site "Murzasichle"]
[Date "2011.03.08"]
[Round "5"]
[White "Ziebinski, Bartosz"]
[Black "Ziaja, Krystian"]
[Result "1-0"]
[WhiteElo "1968"]
[BlackElo "1835"]
[PlyCount "181"]
[EventDate "2011.03.05"]
[EventType "swiss"]
[EventRounds "9"]
[EventCountry "POL"]
[SourceTitle "EXT 2012"]
[Source "ChessBase"]
[SourceDate "2011.11.24"]
[SourceVersion "1"]
[SourceVersionDate "2011.11.24"]
[SourceQuality "1"]

1. e4 e6 2. Qe2 Ne7 3. g3 b6 4. Bg2 Bb7 5. d3 d5 6. f4 dxe4 7. dxe4 Nec6 8. c3 a5 9. Be3 Ba6 10. Qd2 Nd7 11. e5 Ne7 12. Na3 Nd5 13. Nc2 Nc5 14. Bxc5 Bxc5 15. Ne2 0-0 16. Ncd4 Bxe2 17. Qxe2 Bxd4 18. cxd4 Rc8 19. 0-0 c5 20. Rfd1 Qe7 21. a3 Rfd8 22. Rac1 cxd4 23. Rxc8 Rxc8 24. Bxd5 exd5 25. Rxd4 Rc1+ 26. Rd1 Qc5+ 27. Kg2 Rc2 28. Rd2 Rxd2 29. Qxd2 g6 30. Kf3 Qc4 31. Qe2 Qb3+ 32. Kf2 d4 33. Qd2 Qc4 34. h4 h5 35. Kf3 Qd5+ 36. Kf2 Qe4 37. Qe2 Qb1 38. e6 fxe6 39. Qxe6+ Kh7 40. Qd7+ Kh6 41. Qxd4 Qc2+ 42. Ke1 Qc1+ 43. Ke2 Qc2+ 44. Ke3 Qb3+ 45. Qc3 Qe6+ 46. Kf3 Qd5+ 47. Kf2 Qd8 48. Ke3 Kh7 49. Ke4 Qe8+ 50. Kf3 Qd7 51. Ke3 Qe6+ 52. Kd3 Qd5+ 53. Kc2 Qe4+ 54. Qd3 Qc6+ 55. Kb3 Qe6+ 56. Qc4 Qe3+ 57. Qc3 Qe6+ 58. Kc2 Qe4+ 59. Qd3 Qa4+ 60. Kd2 Qc6 61. f5 Qg2+ 62. Kc3 Qc6+ 63. Kb3 a4+ 64. Kb4 Qc5+ 65. Kxa4 gxf5 66. Qd7+ Kg6 67. Qe6+ Kg7 68. b4 Qc2+ 69. Kb5 Qd3+ 70. Kxb6 Qxa3 71. Qe7+ Kg8 72. Qg5+ Kf8 73. Qxf5+ Ke7 74. Qc5+ Kd7 75. Qc7+ Ke6 76. Qc4+ Ke7 77. b5 Qd6+ 78. Qc6 Qd3 79. Kb7 Kf8 80. b6 Qh7+ 81. Ka8 Qd3 82. Qc5+ Ke8 83. Qxh5+ Kd7 84. Qf7+ Kc6 85. Qc7+ Kb5 86. Kb8 Ka6 87. b7 Qd5 88. Ka8 Qe4 89. h5 Qd5 90. h6 Qc5 91. b8N+ 1-0

[Event "Polanica Zdroj op-B 46th"]
[Site "Polanica Zdroj"]
[Date "2010.08.23"]
[Round "6"]
[White "Knapik, Andrzej2222"]
[Black "Ziaja, Krystian"]
[Result "1-0"]
[WhiteElo "1847"]
[BlackElo "1790"]
[PlyCount "55"]
[EventDate "2010.08.18"]
[EventType "swiss"]
[EventRounds "9"]
[EventCountry "POL"]
[SourceTitle "CBM 138 Extra"]
[Source "ChessBase"]
[SourceDate "2010.10.29"]
[SourceVersion "1"]
[SourceVersionDate "2010.10.29"]
[SourceQuality "1"]

1. e4 e6 2. d4 d5 3. Nc3 Nf6 4. Bg5 dxe4 5. Nxe4 Be7 6. Bxf6 Bxf6 7. Nf3 Nd7 8. Qd2 b6 9. Bb5 0-0 10. Bc6 Rb8 11. 0-0-0 Bb7 12. Bxb7 Rxb7 13. g4 Be7 14. g5 c5 15. h4 c4 16. h5 b5 17. g6 b4 18. h6 fxg6 19. hxg7 Rf7 20. Nfg5 Bxg5 21. Nxg5 b3 22. axb3 cxb3 23. Nxf7 Kxf7 24. Rxh7 bxc2 25. Rdh1 Qc7 26. g8Q+ Kxg8 27. Rh8+ Kf7 28. R1h7+ 1-0

[Event "POL 14th Olympiade U14 Boys"]
[Site "Szczawno Zdroj"]
[Date "2008.05.03"]
[Round "9"]
[White "Galaszewski, Patryk"]
[Black "Ziaja, Krystian"]
[Result "1/2-1/2"]
[WhiteElo "1734"]
[BlackElo "1803"]
[PlyCount "68"]
[EventDate "2008.04.27"]
[EventType "swiss"]
[EventRounds "10"]
[EventCountry "POL"]
[SourceTitle "EXT 2009"]
[Source "ChessBase"]
[SourceDate "2008.11.26"]
[SourceVersion "1"]
[SourceVersionDate "2008.11.26"]
[SourceQuality "1"]

1. d4 Nf6 2. c4 e6 3. Nc3 Bb4 4. Qc2 c5 5. e3 Nc6 6. Nf3 0-0 7. Bd3 d5 8. cxd5 exd5 9. dxc5 Bxc5 10. 0-0 Bg4 11. Be2 Qe7 12. Ng5 Nb4 13. Qb1 Bxe2 14. Nxe2 h6 15. Nf3 Rfd8 16. a3 Nc6 17. b4 Bd6 18. Bb2 Rac8 19. Qf5 Qe4 20. Qxe4 dxe4 21. Bxf6 exf3 22. Bxd8 fxe2 23. Rfe1 Rxd8 24. f4 Re8 25. Kf2 a5 26. b5 Ne7 27. Kxe2 Bc5 28. Kf3 b6 29. a4 Kf8 30. Rad1 Nf5 31. g4 Nd6 32. e4 f6 33. Rd5 g6 34. h4 Nf7 1/2-1/2

[Event "POL 14th Olympiade U14 Boys"]
[Site "Szczawno Zdroj"]
[Date "2008.04.28"]
[Round "3"]
[White "Ziaja, Krystian"]
[Black "Lewicki, Miroslaw"]
[Result "0-1"]
[WhiteElo "1803"]
[BlackElo "1838"]
[PlyCount "152"]
[EventDate "2008.04.27"]
[EventType "swiss"]
[EventRounds "10"]
[EventCountry "POL"]
[SourceTitle "EXT 2009"]
[Source "ChessBase"]
[SourceDate "2008.11.26"]
[SourceVersion "1"]
[SourceVersionDate "2008.11.26"]
[SourceQuality "1"]

1. e4 c5 2. Nf3 Nc6 3. Bb5 g6 4. 0-0 Bg7 5. Bxc6 dxc6 6. h3 Nf6 7. Re1 0-0 8. c3 c4 9. b3 cxb3 10. axb3 Be6 11. d4 Qb6 12. c4 Rfd8 13. Nc3 Nd7 14. Na4 Qc7 15. Qc2 c5 16. Bb2 cxd4 17. Nxd4 Bxd4 18. Bxd4 b5 19. Nb2 Nb6 20. Bxb6 axb6 21. Qe2 bxc4 22. bxc4 Rac8 23. Rac1 Qc5 24. Qe3 Qxe3 25. Rxe3 b5 26. Rec3 Rd2 27. R3c2 Rxc2 28. Rxc2 bxc4 29. f3 Kg7 30. Kf2 Kf6 31. f4 Kg7 32. Ke3 f5 33. exf5 gxf5 34. Kd4 Rd8+ 35. Ke3 Rc8 36. Kd4 Kf6 37. g3 Rd8+ 38. Ke3 Rg8 39. Kf3 Bd5+ 40. Kf2 Rc8 41. Ke3 e5 42. fxe5+ Kxe5 43. Nd3+ Kd6 44. Nb2 Kc5 45. Nd3+ Kb5 46. Nc1 Rd8 47. Rb2+ Kc5 48. Ne2 Be4 49. Rd2 Bd3 50. Nc1 Re8+ 51. Kf4 Kd4 52. h4 h5 53. Kf3 Kc3 54. Ra2 Be4+ 55. Kf2 Bd3 56. Kf3 Kd4 57. Ra7 Bc2 58. Rd7+ Kc3 59. Ne2+ Kb2 60. Rb7+ Bb3 61. Nd4 Kc3 62. Nxb3 cxb3 63. Rc7+ Kd2 64. Rd7+ Kc1 65. Rc7+ Kb1 66. Kf4 Rg8 67. Kf3 b2 68. Rc5 Ka2 69. Ra5+ Kb3 70. Rb5+ Kc3 71. Rb7 Rg4 72. Ke2 Rxg3 73. Rc7+ Kb3 74. Rb7+ Kc2 75. Kf2 Rc3 76. Rxb2+ Kxb2 0-1